Mechanical behavior of engineering materials (Record no. 22120)

000 -LEADER
fixed length control field 00506nam a22001931 4500
001 - CONTROL NUMBER
control field 22120
003 - CONTROL NUMBER IDENTIFIER
control field BD-DhUET
008 - FIXED-LENGTH DATA ELEMENTS--GENERAL INFORMATION
fixed length control field 800331s1962 paua b s000 0 eng
040 ## - CATALOGING SOURCE
Original cataloging agency DLC
Transcribing agency TxCM
Modifying agency BD-DhUET
082 ## - DEWEY DECIMAL CLASSIFICATION NUMBER
Classification number 620.1
Item number MAR/1963
100 ## - MAIN ENTRY--PERSONAL NAME
Personal name Marin, Joseph
245 10 - TITLE STATEMENT
Title Mechanical behavior of engineering materials
250 ## - EDITION STATEMENT
Edition statement 1st ed.
260 ## - PUBLICATION, DISTRIBUTION, ETC. (IMPRINT)
Place of publication, distribution, etc. New Jersey
Name of publisher, distributor, etc. Prentice-Hall
Date of publication, distribution, etc. 1963
300 ## - PHYSICAL DESCRIPTION
Extent x, 502 p.
Other physical details ill.
504 ## - BIBLIOGRAPHY, ETC. NOTE
Bibliography, etc Includes bibliographies
650 #0 - SUBJECT ADDED ENTRY--TOPICAL TERM
Topical term or geographic name as entry element Applied mechanics
942 ## - ADDED ENTRY ELEMENTS (KOHA)
Koha item type General Book
Holdings
Price effective from Koha issues (times borrowed) Piece designation (barcode) Date acquired Lost status Sublocation or collection (holding branch) Koha normalized classification for sorting Koha out on loan Koha date last borrowed Copy number Shelving location Koha date last seen Not for loan Damaged status Location (home branch) Withdrawn status Koha full call number Koha item type Source of classification or shelving scheme
2015-04-23 210072015-04-23 Central Library, BUET620_100000000000000_MAR_1963  1Circulation section2015-04-23  Central Library, BUET 620.1/MAR/1963General Book 
2015-04-23115712015-04-23 Central Library, BUET620_100000000000000_MAR_19632023-07-032022-07-032Circulation section2022-07-03  Central Library, BUET 620.1/MAR/1963General Book 
2015-04-25 15702015-04-25 Central Library, BUET620_100000000000000_MAR_1963  3Circulation section2015-04-25  Central Library, BUET 620.1/MAR/1963General Book 
2015-04-30 257322015-04-30 Central Library, BUET620_100000000000000_MAR_1963  4Circulation section2015-04-30  Central Library, BUET 620.1/MAR/1963General Book 
2015-08-23 176592015-08-23 Central Library, BUET620_100000000000000_MAR_1963  5Circulation section2015-08-23  Central Library, BUET 620.1/MAR/1963General Book